| 000 | 00907nam a2200217 i 4500 | ||
|---|---|---|---|
| 001 | 154588 | ||
| 003 | ES-MaACL | ||
| 005 | 20230906205805.0 | ||
| 008 | 981001s1864 sp e |||| | spa d | ||
| 040 |
_aCCPB | B _bspa _cCCPB | B |
||
| 080 | _a913(460.185 V.)"18"(036) | ||
| 100 | 1 |
_aGonzález Moral, Mariano. _9127419 |
|
| 245 | 1 | 3 |
_aEl indicador de Valladolid _b: ó sea reseña de todo lo mas notable que contiene esta ciudad, con un plano topográfico de la misma / _cpor el presbítero ... Mariano Gonzalez Moral. |
| 260 |
_aValladolid : _b[s.n.], _c1864 ( _fImp. y Lib. Nacional y Extranjera de H. de Rodríguez) |
||
| 300 |
_a216, [10] p., 1 h. pleg. ; _c16 cm. |
||
| 597 | _aPort. con esc. calc. de Valladolid. | ||
| 597 | _aMapa calc. de la ciudad. | ||
| 651 | 4 |
_aValladolid- _vGuías turísticas. _9161541 |
|
| 752 |
_aEspaña - _dValladolid |
||
| 852 |
_aES-MaACL _jD-3830(1) _z- Enc. hol. |
||
| 999 |
_c154588 _d154588 |
||